Animation by Poster - Statistics

General Stats
  • This quiz has been taken 65 times
  • The average score is 14 of 30
Answer Stats
Picture Answer % Correct
Scoob!
83%
Sing
83%
The Emoji Movie
83%
The Secret Life Of Pets
75%
Rango
74%
Storks
74%
The Polar Express
74%
Surf’s Up
68%
The Boxtrolls
66%
Open Season
62%
Anastasia
60%
Migration
51%
Sherlock Gnomes
51%
The Super Mario Bros. Movie
51%
The Land Before Time
45%
Thumbelina
42%
Watership Down
40%
Hoodwinked!
38%
Igor
38%
The Road To El Dorado
34%
The Ant Bully
30%
Free Birds
26%
Osmosis Jones
25%
Valiant
19%
Legend Of The Guardians: The Owls Of Ga’Hoole
15%
Back To The Outback
13%
Duck Duck Goose
13%
We’re Back! A Dinosaur’s Story
13%
An American Tail
11%
Fireheart
11%
No matching quizzes found
Score Distribution
Percent of People with Each Score
Percentile by Number Answered
Your Score History
You have not taken this quiz